header

The colored aristocracy of St. Louis (Record no. 4672)

MARC details
000 -LEADER
fixed length control field 01545nam a2200349 a 4500
082 04 - DEWEY DECIMAL CLASSIFICATION NUMBER
Classification number 305.896/07307866
100 1# - MAIN ENTRY--AUTHOR NAME
Personal name Clamorgan, Cyprian,
245 14 - TITLE STATEMENT
Title The colored aristocracy of St. Louis
260 ## - PUBLICATION, DISTRIBUTION, ETC. (IMPRINT)
Place of publication Columbia :
Name of publisher University of Missouri Press,
Year of publication c1999.
300 ## - PHYSICAL DESCRIPTION
Number of Pages xiii, 122 p. :
Other physical details ill.
650 #0 - SUBJECT ADDED ENTRY--TOPICAL TERM
Topical Term Free African Americans
Topical Term Elite (Social sciences)
700 1# - ADDED ENTRY--PERSONAL NAME
Personal name Winch, Julie,
856 40 - ELECTRONIC LOCATION AND ACCESS
Uniform Resource Identifier http://site.ebrary.com/lib/rucke/Doc?id=10001642

No items available.

© 2026 Rongo University
Contact us: librarian | system librarian | Rongo university